[Event "DEM U10 2018"]
[Site "Willingen GER"]
[Date "2018.05.23"]
[Round "7"]
[White "Hagner, Bennet"]
[Black "Poschadel, Andreas Gregor"]
[Result "1-0"]
[Termination "normal"]
[Board "1"]
[WhiteElo "1833"]
[BlackElo "1771"]
[WhiteClock "00:47:45"]
[BlackClock "00:47:15"]
[PlyCount "63"]
[WhiteFideId "16224477"]
[BlackFideId "16204948"]
[EventCountry "GER"]
[EventRounds "11"]
[EventType "swiss"]
[EventDate "2018.05.19"]

1. e4 {[%clk 1:15:47]} 1... c5 {[%clk 1:15:47]} 2. Nf3 {[%clk 1:15:44]} 2... e6
{[%clk 1:16:12]} 3. d4 {[%clk 1:15:34]} 3... cxd4 {[%clk 1:16:31]} 4. Nxd4 {
[%clk 1:15:57]} 4... Qb6 {[%clk 1:16:39]} 5. Nc3 {[%clk 1:15:16]} 5... Bc5 {
[%clk 1:16:57]} 6. Na4 {[%clk 1:11:36]} 6... Qa5+ {[%clk 1:17:20]} 7. Nc3 {
[%clk 1:10:18]} 7... Nf6 {[%clk 1:13:15]} 8. Nb3 {[%clk 1:09:02]} 8... Qb6 {
[%clk 1:10:48]} 9. Nxc5 {[%clk 1:08:20]} 9... Qxc5 {[%clk 1:11:03]} 10. Be3 {
[%clk 1:08:25]} 10... Qb4 {[%clk 1:07:58]} 11. a3 {[%clk 0:54:22]} 11... Qxb2 {
[%clk 1:05:53]} 12. Bd4 {[%clk 0:53:42]} 12... Nc6 {[%clk 1:05:42]} 13. Ra2 {
[%clk 0:53:58]} 13... Qxa2 {[%clk 1:01:48]} 14. Nxa2 {[%clk 0:54:20]} 14...
Nxd4 {[%clk 1:02:13]} 15. Qxd4 {[%clk 0:54:42]} 15... b6 {[%clk 1:02:36]} 16.
Bb5 {[%clk 0:54:28]} 16... O-O {[%clk 1:02:19]} 17. e5 {[%clk 0:54:37]} 17...
Nd5 {[%clk 1:02:38]} 18. Nc3 {[%clk 0:53:08]} 18... Bb7 {[%clk 1:01:32]} 19.
Nxd5 {[%clk 0:52:10]} 19... Bxd5 {[%clk 1:01:55]} 20. O-O {[%clk 0:52:30]}
20... Bc6 {[%clk 1:00:18]} 21. c4 {[%clk 0:52:05]} 21... Rfe8 {[%clk 0:55:42]}
22. Qd6 {[%clk 0:50:58]} 22... Rec8 {[%clk 0:50:01]} 23. Rd1 {[%clk 0:49:40]}
23... a6 {[%clk 0:48:17]} 24. Bxc6 {[%clk 0:50:01]} 24... dxc6 {[%clk 0:48:43]}
25. a4 {[%clk 0:50:14]} 25... g6 {[%clk 0:48:24]} 26. g3 {[%clk 0:50:15]} 26...
Kg7 {[%clk 0:48:25]} 27. Qe7 {[%clk 0:48:44]} 27... b5 {[%clk 0:47:19]} 28. Rd7
{[%clk 0:48:32]} 28... Rf8 {[%clk 0:47:44]} 29. Qxe6 {[%clk 0:48:10]} 29...
bxc4 {[%clk 0:47:14]} 30. Qf6+ {[%clk 0:47:45]} 30... Kh6 {[%clk 0:47:15]} 31.
Rd4 c3 32. Rh4# 1-0

[Event "DEM U10 2018"]
[Site "Willingen GER"]
[Date "2018.05.23"]
[Round "7"]
[White "Deuer, Marius"]
[Black "Sundui, Chinguun"]
[Result "1-0"]
[Termination "normal"]
[Board "2"]
[WhiteElo "1842"]
[BlackElo "1424"]
[WhiteClock "00:13:55"]
[BlackClock "00:34:38"]
[PlyCount "73"]
[WhiteFideId "16236432"]
[BlackFideId "4907930"]
[EventCountry "GER"]
[EventRounds "11"]
[EventType "swiss"]
[EventDate "2018.05.19"]

1. e4 {[%clk 1:15:58]} 1... c6 {[%clk 1:16:00]} 2. d4 {[%clk 1:16:21]} 2... d5
{[%clk 1:16:27]} 3. Nd2 {[%clk 1:16:45]} 3... dxe4 {[%clk 1:16:36]} 4. Nxe4 {
[%clk 1:17:08]} 4... Bf5 {[%clk 1:16:59]} 5. Ng3 {[%clk 1:17:32]} 5... Bg6 {
[%clk 1:17:22]} 6. h4 {[%clk 1:17:57]} 6... h6 {[%clk 1:17:48]} 7. Nf3 { [%clk
1:18:21]} 7... Nd7 {[%clk 1:18:08]} 8. h5 {[%clk 1:18:39]} 8... Bh7 { [%clk
1:18:30]} 9. Bd3 {[%clk 1:19:04]} 9... Bxd3 {[%clk 1:18:55]} 10. Qxd3 { [%clk
1:19:20]} 10... e6 {[%clk 1:19:02]} 11. Bf4 {[%clk 1:18:30]} 11... Qa5+ { [%clk
1:19:14]} 12. Bd2 {[%clk 1:18:50]} 12... Qc7 {[%clk 1:19:38]} 13. O-O-O { [%clk
1:18:14]} 13... Ngf6 {[%clk 1:19:54]} 14. c3 {[%clk 1:10:06]} 14... Bd6 { [%clk
1:20:06]} 15. Ne4 {[%clk 1:09:27]} 15... Nxe4 {[%clk 1:20:26]} 16. Qxe4 { [%clk
1:09:50]} 16... Nf6 {[%clk 1:20:35]} 17. Qe2 {[%clk 1:05:57]} 17... O-O-O
{[%clk 1:20:43]} 18. Kb1 {[%clk 1:01:57]} 18... Rhe8 {[%clk 1:19:04]} 19. Ne5 {
[%clk 0:55:33]} 19... Bxe5 {[%clk 1:15:52]} 20. dxe5 {[%clk 0:55:24]} 20... Nd5
{[%clk 1:15:46]} 21. c4 {[%clk 0:49:21]} 21... Ne7 {[%clk 1:15:31]} 22. Bc3 {
[%clk 0:41:18]} 22... Kb8 {[%clk 1:09:12]} 23. g4 {[%clk 0:39:03]} 23... Rxd1+
{[%clk 1:05:19]} 24. Rxd1 {[%clk 0:39:27]} 24... Rd8 {[%clk 1:05:40]} 25. Rd6 {
[%clk 0:36:41]} 25... Nc8 {[%clk 1:04:49]} 26. Rd2 {[%clk 0:33:39]} 26... b6 {
[%clk 0:55:11]} 27. Qd1 {[%clk 0:30:49]} 27... Rxd2 {[%clk 0:54:54]} 28. Qxd2 {
[%clk 0:31:15]} 28... c5 {[%clk 0:54:28]} 29. Qd3 {[%clk 0:27:32]} 29... Qe7 {
[%clk 0:53:12]} 30. f4 {[%clk 0:24:28]} 30... Qh4 {[%clk 0:51:57]} 31. Qf3 {
[%clk 0:24:38]} 31... Ne7 {[%clk 0:44:15]} 32. Qd1 {[%clk 0:22:07]} 32... Nc8 {
[%clk 0:43:31]} 33. f5 {[%clk 0:16:11]} 33... exf5 {[%clk 0:41:44]} 34. e6 {
[%clk 0:14:02]} 34... fxe6 {[%clk 0:35:19]} 35. Be5+ {[%clk 0:13:32]} 35... Kb7
{[%clk 0:35:31]} 36. Qd7+ {[%clk 0:13:38]} 36... Ka6 {[%clk 0:34:38]} 37. Qxc8+
{[%clk 0:13:55]} 1-0

[Event "DEM U10 2018"]
[Site "Willingen GER"]
[Date "2018.05.23"]
[Round "7"]
[White "Kiefhaber, Tobias"]
[Black "Costa, Leonardo"]
[Result "0-1"]
[Termination "normal"]
[Board "3"]
[WhiteElo "1551"]
[BlackElo "1848"]
[WhiteClock "00:25:07"]
[BlackClock "00:22:11"]
[PlyCount "54"]
[WhiteFideId "16240693"]
[BlackFideId "16213955"]
[EventCountry "GER"]
[EventRounds "11"]
[EventType "swiss"]
[EventDate "2018.05.19"]

1. d4 {[%clk 1:15:59]} 1... Nf6 {[%clk 1:15:56]} 2. Bf4 {[%clk 1:16:23]} 2...
g6 {[%clk 1:16:09]} 3. Nc3 {[%clk 1:16:44]} 3... Bg7 {[%clk 1:16:30]} 4. e4 {
[%clk 1:16:51]} 4... d6 {[%clk 1:16:46]} 5. Qd2 {[%clk 1:16:46]} 5... O-O {
[%clk 1:16:07]} 6. Bh6 {[%clk 1:16:33]} 6... e5 {[%clk 1:12:49]} 7. d5 { [%clk
1:15:52]} 7... Bxh6 {[%clk 1:04:28]} 8. Qxh6 {[%clk 1:16:10]} 8... Ng4 { [%clk
1:04:53]} 9. Qd2 {[%clk 1:16:10]} 9... f5 {[%clk 1:04:11]} 10. f3 { [%clk
1:14:59]} 10... Nf6 {[%clk 1:04:06]} 11. O-O-O {[%clk 1:15:10]} 11... a6 {[%clk
1:01:05]} 12. h4 {[%clk 1:13:42]} 12... f4 {[%clk 1:00:48]} 13. Qf2 { [%clk
1:08:10]} 13... Nh5 {[%clk 0:53:56]} 14. Nge2 {[%clk 1:05:29]} 14... Nd7 {[%clk
0:49:59]} 15. g4 {[%clk 1:04:46]} 15... fxg3 {[%clk 0:49:52]} 16. Nxg3 { [%clk
1:04:36]} 16... Ndf6 {[%clk 0:50:16]} 17. Nce2 {[%clk 1:04:25]} 17... Ng4
{[%clk 0:45:40]} 18. Qe1 {[%clk 1:00:41]} 18... Rxf3 {[%clk 0:44:51]} 19. Nxh5
{[%clk 1:00:48]} 19... gxh5 {[%clk 0:45:12]} 20. Rg1 {[%clk 0:59:18]} 20... Kh8
{[%clk 0:44:13]} 21. Nc3 {[%clk 0:48:00]} 21... Bd7 {[%clk 0:39:45]} 22. Be2 {
[%clk 0:45:03]} 22... Rf4 {[%clk 0:37:04]} 23. Rd3 {[%clk 0:42:46]} 23... Qf6 {
[%clk 0:29:59]} 24. Rf1 {[%clk 0:32:07]} 24... Rf8 {[%clk 0:25:08]} 25. Rd1 {
[%clk 0:28:19]} 25... Rxf1 {[%clk 0:20:51]} 26. Bxf1 {[%clk 0:26:20]} 26...
Qf4+ {[%clk 0:19:58]} 27. Kb1 {[%clk 0:25:07]} 27... Ne3 {[%clk 0:22:11]} 0-1

[Event "DEM U10 2018"]
[Site "Willingen GER"]
[Date "2018.05.23"]
[Round "7"]
[White "Strehse, Nelson"]
[Black "Nitsche, Nikolai"]
[Result "0-1"]
[Termination "normal"]
[Board "4"]
[WhiteElo "1201"]
[BlackElo "1810"]
[WhiteClock "00:06:59"]
[BlackClock "01:03:16"]
[PlyCount "108"]
[WhiteFideId "16228898"]
[BlackFideId "16221036"]
[EventCountry "GER"]
[EventRounds "11"]
[EventType "swiss"]
[EventDate "2018.05.19"]

1. e4 {[%clk 1:15:53]} 1... e6 {[%clk 1:15:53]} 2. d4 {[%clk 1:16:14]} 2... d5
{[%clk 1:16:19]} 3. Nd2 {[%clk 1:16:32]} 3... Be7 {[%clk 1:15:28]} 4. c3 {
[%clk 1:14:07]} 4... dxe4 {[%clk 1:14:46]} 5. Nxe4 {[%clk 1:13:55]} 5... Nf6 {
[%clk 1:13:45]} 6. Ng3 {[%clk 1:12:39]} 6... b6 {[%clk 1:13:05]} 7. Nf3 { [%clk
1:10:31]} 7... Bb7 {[%clk 1:12:13]} 8. Bd3 {[%clk 1:10:25]} 8... O-O { [%clk
1:08:23]} 9. O-O {[%clk 1:09:07]} 9... c5 {[%clk 1:07:39]} 10. h3 { [%clk
1:07:07]} 10... Nc6 {[%clk 1:06:02]} 11. Be3 {[%clk 1:05:42]} 11... cxd4 {[%clk
0:59:15]} 12. Nxd4 {[%clk 1:02:37]} 12... Nxd4 13. Bxd4 {[%clk 1:02:10]} 13...
Qd5 {[%clk 0:59:50]} 14. f3 {[%clk 1:00:19]} 14... Rfd8 {[%clk 0:59:31]} 15.
Kh1 {[%clk 0:59:02]} 15... e5 {[%clk 0:59:21]} 16. Be4 {[%clk 0:56:02]} 16...
Nxe4 {[%clk 0:59:18]} 17. fxe4 {[%clk 0:33:41]} 17... Qe6 {[%clk 0:58:52] } 18.
Qh5 {[%clk 0:19:36]} 18... exd4 {[%clk 0:57:06]} 19. cxd4 {[%clk 0:16:30] }
19... Qg6 {[%clk 0:56:39]} 20. Qe5 {[%clk 0:06:15]} 20... Bd6 {[%clk 0:56:55] }
21. Nf5 {[%clk 0:06:16]} 21... Qxg2+ {[%clk 0:56:34]} 22. Kxg2 { [%clk
0:06:19]} 22... Bxe5 {[%clk 0:57:02]} 23. dxe5 {[%clk 0:05:31]} 23... Bxe4+
{[%clk 0:56:49]} 24. Kg1 {[%clk 0:05:18]} 24... Bxf5 {[%clk 0:53:54]} 25. Rxf5
{[%clk 0:05:42]} 25... Rac8 {[%clk 0:54:18]} 26. Raf1 {[%clk 0:05:44]} 26...
Rc7 {[%clk 0:54:33]} 27. R1f2 {[%clk 0:05:42]} 27... Re8 {[%clk 0:54:21]} 28.
h4 {[%clk 0:05:05]} 28... g6 {[%clk 0:54:07]} 29. Rg5 {[%clk 0:04:41]} 29... h6
{[%clk 0:54:11]} 30. Rg4 {[%clk 0:04:29]} 30... Rxe5 {[%clk 0:54:33]} 31. Kg2
{[%clk 0:04:40]} 31... Rce7 {[%clk 0:54:04]} 32. Rgf4 {[%clk 0:04:59]} 32...
Kg7 {[%clk 0:53:50]} 33. Kg3 {[%clk 0:05:16]} 33... Re3+ {[%clk 0:51:34]} 34.
Kg2 {[%clk 0:05:35]} 34... R3e4 {[%clk 0:51:48]} 35. Kg3 {[%clk 0:05:52]} 35...
Rxf4 {[%clk 0:51:01]} 36. Kxf4 {[%clk 0:05:26]} 36... Re6 {[%clk 0:50:16] } 37.
Rd2 {[%clk 0:05:43]} 37... Kf6 {[%clk 0:49:50]} 38. Kf3 {[%clk 0:05:21]} 38...
Ke7 {[%clk 0:46:35]} 39. Rc2 {[%clk 0:05:19]} 39... a5 {[%clk 0:46:42]} 40. Rd2
{[%clk 0:04:06]} 40... f5 {[%clk 0:45:59]} 41. Rg2 {[%clk 0:12:18]} 41... Kf6
{[%clk 1:01:08]} 42. Rc2 {[%clk 0:10:53]} 42... g5 {[%clk 1:00:37]} 43. Rc4
{[%clk 0:09:35]} 43... g4+ {[%clk 0:59:33]} 44. Kf4 {[%clk 0:09:25]} 44... Re4+
{[%clk 0:59:43]} 45. Rxe4 {[%clk 0:09:45]} 45... fxe4 { [%clk 1:00:09]} 46.
Kxe4 {[%clk 0:06:01]} 46... h5 {[%clk 1:00:32]} 47. a4 { [%clk 0:06:14]} 47...
Ke6 {[%clk 1:00:51]} 48. Kf4 {[%clk 0:06:30]} 48... Kd5 { [%clk 1:01:18]} 49.
Kg5 {[%clk 0:06:43]} 49... g3 {[%clk 1:01:42]} 50. Kxh5 { [%clk 0:07:05]} 50...
g2 {[%clk 1:02:09]} 51. Kh6 {[%clk 0:07:11]} 51... g1=Q { [%clk 1:02:32]} 52.
h5 {[%clk 0:07:26]} 52... Ke6 {[%clk 1:02:58]} 53. b4 { [%clk 0:06:41]} 53...
Kf7 {[%clk 1:03:16]} 54. b5 {[%clk 0:06:59]} 54... Qg7# 0-1

[Event "DEM U10 2018"]
[Site "Willingen GER"]
[Date "2018.05.23"]
[Round "7"]
[White "Korek, Jakob Alexander"]
[Black "Kempe, Caius Emilian"]
[Result "0-1"]
[Termination "normal"]
[Board "6"]
[WhiteElo "1517"]
[BlackElo "1522"]
[WhiteClock "00:16:54"]
[BlackClock "00:17:00"]
[PlyCount "108"]
[WhiteFideId "16240022"]
[BlackFideId "16246861"]
[EventCountry "GER"]
[EventRounds "11"]
[EventType "swiss"]
[EventDate "2018.05.19"]

1. e4 {[%clk 1:15:55]} 1... c5 {[%clk 1:15:50]} 2. Nf3 {[%clk 1:16:07]} 2... d6
{[%clk 1:15:55]} 3. d4 {[%clk 1:16:26]} 3... cxd4 {[%clk 1:15:59]} 4. Qxd4 {
[%clk 1:12:55]} 4... a6 {[%clk 1:16:18]} 5. c4 {[%clk 1:13:13]} 5... Nc6 {
[%clk 1:16:31]} 6. Qe3 {[%clk 1:13:21]} 6... g6 {[%clk 1:16:26]} 7. h3 { [%clk
1:13:18]} 7... Bg7 {[%clk 1:14:52]} 8. Nc3 {[%clk 1:13:28]} 8... Nf6 { [%clk
1:14:51]} 9. Be2 {[%clk 1:13:35]} 9... O-O {[%clk 1:14:48]} 10. O-O { [%clk
1:13:53]} 10... Bd7 {[%clk 1:10:40]} 11. Rb1 {[%clk 1:12:58]} 11... Qa5 { [%clk
1:09:27]} 12. a3 {[%clk 1:12:15]} 12... Rfc8 {[%clk 1:04:10]} 13. b4 { [%clk
1:12:01]} 13... Qc7 {[%clk 1:04:13]} 14. Bb2 {[%clk 1:12:02]} 14... Na7 { [%clk
1:02:55]} 15. Rbc1 {[%clk 1:11:27]} 15... Qd8 {[%clk 1:01:43]} 16. Rfd1 { [%clk
1:10:37]} 16... b6 {[%clk 0:56:59]} 17. Nd4 {[%clk 1:07:55]} 17... Nc6 { [%clk
0:55:50]} 18. f4 {[%clk 1:04:04]} 18... Bh6 {[%clk 0:30:53]} 19. Nxc6 { [%clk
0:55:19]} 19... Rxc6 {[%clk 0:30:41]} 20. g4 {[%clk 0:54:17]} 20... Ne8 { [%clk
0:28:07]} 21. g5 {[%clk 0:39:30]} 21... Bg7 {[%clk 0:28:07]} 22. h4 { [%clk
0:36:12]} 22... Be6 {[%clk 0:19:57]} 23. Na4 {[%clk 0:34:34]} 23... Bxb2 24.
Nxb2 {[%clk 0:34:43]} 24... Qc8 {[%clk 0:16:55]} 25. Bd3 {[%clk 0:30:45]} 25...
Bh3 {[%clk 0:13:23]} 26. f5 {[%clk 0:26:19]} 26... Bg4 {[%clk 0:12:10]} 27. Rf1
{[%clk 0:26:38]} 27... Ng7 {[%clk 0:10:49]} 28. f6 {[%clk 0:21:05]} 28... exf6
{[%clk 0:10:56]} 29. Rxf6 {[%clk 0:20:11]} 29... Nh5 {[%clk 0:09:49] } 30. Rf2
{[%clk 0:17:20]} 30... Bh3 {[%clk 0:09:11]} 31. Kh1 {[%clk 0:16:42]} 31... Qg4
{[%clk 0:07:31]} 32. Qf3 {[%clk 0:15:06]} 32... Qd7 {[%clk 0:03:05]} 33. Qe3
{[%clk 0:12:35]} 33... Qg4 {[%clk 0:02:05]} 34. Kh2 {[%clk 0:12:15]} 34... Qxh4
{[%clk 0:01:41]} 35. Kg1 {[%clk 0:11:11]} 35... Qg4+ {[%clk 0:01:30] } 36. Kh1
{[%clk 0:10:39]} 36... Qd7 {[%clk 0:01:39]} 37. c5 {[%clk 0:07:06]} 37... dxc5
{[%clk 0:01:26]} 38. b5 {[%clk 0:05:42]} 38... Rc7 {[%clk 0:01:22]} 39. bxa6
{[%clk 0:05:43]} 39... Be6 {[%clk 0:01:14]} 40. Nc4 {[%clk 0:05:05]} 40... Bxc4
41. Bxc4 {[%clk 0:05:18]} 41... Qd4 {[%clk 0:00:38]} 42. Qf3 { [%clk 0:04:08]}
42... Qg7 {[%clk 0:00:37]} 43. Rcf1 {[%clk 0:03:22]} 43... Qf8 {[%clk 0:14:46]}
44. Bxf7+ {[%clk 0:18:11]} 44... Rxf7 {[%clk 0:15:05]} 45. Qxf7+ {[%clk
0:18:30]} 45... Qxf7 {[%clk 0:15:28]} 46. Rxf7 {[%clk 0:18:43]} 46... Ng3+
{[%clk 0:15:52]} 47. Kg2 {[%clk 0:18:16]} 47... Nxf1 {[%clk 0:16:17] } 48. Rxf1
{[%clk 0:18:38]} 48... Rxa6 {[%clk 0:16:42]} 49. Rf3 {[%clk 0:18:49] } 49...
Ra4 {[%clk 0:16:30]} 50. Re3 {[%clk 0:17:24]} 50... Kf7 {[%clk 0:16:54] } 51.
Kf3 {[%clk 0:17:26]} 51... Ke6 {[%clk 0:16:49]} 52. Rb3 {[%clk 0:17:00]} 52...
Ke5 {[%clk 0:16:58]} 53. Re3 {[%clk 0:16:42]} 53... b5 {[%clk 0:16:38]} 54. Rb3
{[%clk 0:16:54]} 54... b4 {[%clk 0:17:00]} 0-1

[Event "DEM U10 2018"]
[Site "Willingen GER"]
[Date "2018.05.23"]
[Round "7"]
[White "Kieselbach, Jannik"]
[Black "Krüger, Aurelian"]
[Result "1-0"]
[Termination "normal"]
[Board "8"]
[WhiteElo "1397"]
[BlackElo "1469"]
[WhiteClock "00:08:02"]
[BlackClock "00:16:59"]
[PlyCount "87"]
[WhiteFideId "16246403"]
[BlackFideId "16230400"]
[EventCountry "GER"]
[EventRounds "11"]
[EventType "swiss"]
[EventDate "2018.05.19"]

1. d4 {[%clk 1:15:57]} 1... Nf6 {[%clk 1:15:56]} 2. c4 {[%clk 1:16:19]} 2... g6
{[%clk 1:16:15]} 3. Nc3 {[%clk 1:16:42]} 3... Bg7 {[%clk 1:16:34]} 4. e4 {
[%clk 1:16:55]} 4... d6 {[%clk 1:16:52]} 5. Nf3 {[%clk 1:16:54]} 5... Nbd7 {
[%clk 1:16:46]} 6. Be2 {[%clk 1:17:02]} 6... O-O {[%clk 1:16:48]} 7. O-O {
[%clk 1:17:09]} 7... Re8 {[%clk 1:15:21]} 8. h3 {[%clk 1:17:11]} 8... e5 {
[%clk 1:14:43]} 9. d5 {[%clk 1:17:23]} 9... Nf8 {[%clk 1:08:23]} 10. Be3 {
[%clk 1:17:01]} 10... Nh5 {[%clk 0:59:13]} 11. Nd2 {[%clk 1:14:57]} 11... Nf6 {
[%clk 0:58:33]} 12. f3 {[%clk 1:13:37]} 12... N8d7 {[%clk 0:55:14]} 13. b4 {
[%clk 1:12:56]} 13... b6 {[%clk 0:54:56]} 14. Nb3 {[%clk 1:10:27]} 14... Nh5 {
[%clk 0:52:47]} 15. Bf2 {[%clk 1:09:02]} 15... Nf4 {[%clk 0:52:41]} 16. Be3 {
[%clk 1:05:32]} 16... Nxe2+ {[%clk 0:50:34]} 17. Qxe2 {[%clk 1:05:19]} 17...
Nf6 {[%clk 0:50:05]} 18. c5 {[%clk 1:02:49]} 18... Bd7 {[%clk 0:49:03]} 19. c6
{[%clk 1:01:52]} 19... Bc8 {[%clk 0:49:05]} 20. Rae1 {[%clk 0:52:30]} 20... Nh5
{[%clk 0:48:27]} 21. Qf2 {[%clk 0:51:56]} 21... f5 22. Rc1 {[%clk 0:47:09]}
22... f4 {[%clk 0:47:07]} 23. Bd2 {[%clk 0:47:21]} 23... Bf6 {[%clk 0:45:42]}
24. Rfd1 {[%clk 0:46:09]} 24... Bh4 {[%clk 0:45:33]} 25. Qf1 {[%clk 0:44:39]}
25... Qg5 {[%clk 0:45:54]} 26. Be1 {[%clk 0:42:55]} 26... Bxe1 {[%clk 0:45:39]}
27. Rxe1 {[%clk 0:40:59]} 27... Bxh3 {[%clk 0:42:27]} 28. Qf2 {[%clk 0:35:36]}
28... Rad8 {[%clk 0:41:33]} 29. Nb5 {[%clk 0:34:36]} 29... Re7 {[%clk 0:38:29]}
30. Nxa7 {[%clk 0:34:00]} 30... Bc8 {[%clk 0:38:02]} 31. Nxc8 {[%clk 0:33:12]}
31... Rxc8 {[%clk 0:38:24]} 32. a4 {[%clk 0:32:01]} 32... Ra8 {[%clk 0:32:46]}
33. a5 {[%clk 0:31:49]} 33... bxa5 {[%clk 0:32:38]} 34. Nxa5 {[%clk 0:31:40]}
34... Ree8 {[%clk 0:32:05]} 35. Nb7 {[%clk 0:31:16]} 35... Qe7 {[%clk 0:31:11]}
36. b5 {[%clk 0:29:11]} 36... Reb8 {[%clk 0:30:21]} 37. Ra1 {[%clk 0:28:21]}
37... Ng3 {[%clk 0:25:12]} 38. Rxa8 {[%clk 0:25:20]} 38... Rxa8 {[%clk 0:25:29]
} 39. b6 {[%clk 0:21:56]} 39... Ra6 {[%clk 0:25:17]} 40. bxc7 {[%clk 0:21:01]}
40... Qxc7 {[%clk 0:25:32]} 41. Rc1 {[%clk 0:19:16]} 41... Rb6 {[%clk 0:23:18]}
42. Nxd6 {[%clk 0:17:38]} 42... Rb3 {[%clk 0:18:23]} 43. Nc4 {[%clk 0:12:23]}
43... Rb4 {[%clk 0:16:59]} 44. Qa2 {[%clk 0:08:02]} 1-0

[Event "DEM U10 2018"]
[Site "Willingen GER"]
[Date "2018.05.23"]
[Round "7"]
[White "Helms, Finn"]
[Black "von Mettenheim, Johannes"]
[Result "0-1"]
[Termination "normal"]
[Board "9"]
[WhiteElo "1435"]
[BlackElo "1581"]
[WhiteClock "00:19:46"]
[BlackClock "00:12:42"]
[PlyCount "98"]
[WhiteFideId "16249143"]
[BlackFideId "16244818"]
[EventCountry "GER"]
[EventRounds "11"]
[EventType "swiss"]
[EventDate "2018.05.19"]

1. d4 {[%clk 1:15:58]} 1... Nf6 {[%clk 1:15:55]} 2. Bf4 {[%clk 1:16:25]} 2...
e6 {[%clk 1:16:17]} 3. e3 {[%clk 1:16:50]} 3... c5 {[%clk 1:16:45]} 4. c3 {
[%clk 1:17:15]} 4... Be7 {[%clk 1:17:12]} 5. Nd2 {[%clk 1:17:36]} 5... O-O {
[%clk 1:17:31]} 6. h3 {[%clk 1:18:00]} 6... b6 {[%clk 1:17:54]} 7. Ngf3 { [%clk
1:18:26]} 7... Nc6 {[%clk 1:18:18]} 8. Bd3 {[%clk 1:18:43]} 8... Bb7 { [%clk
1:18:43]} 9. O-O {[%clk 1:19:07]} 9... cxd4 {[%clk 1:19:05]} 10. exd4 { [%clk
1:19:25]} 10... Nd5 {[%clk 1:19:25]} 11. Bh2 {[%clk 1:19:43]} 11... f5 { [%clk
1:19:50]} 12. Re1 {[%clk 1:19:56]} 12... Qe8 {[%clk 1:18:52]} 13. Ne5 { [%clk
1:19:49]} 13... Rc8 {[%clk 1:18:59]} 14. Ndf3 {[%clk 1:19:46]} 14... Nd8 {[%clk
1:07:37]} 15. Bb5 {[%clk 1:16:56]} 15... Nc6 {[%clk 1:06:31]} 16. a3 { [%clk
1:10:44]} 16... a6 {[%clk 1:03:14]} 17. Ba4 {[%clk 1:10:28]} 17... b5 { [%clk
1:03:40]} 18. Bc2 {[%clk 1:10:25]} 18... Nd8 {[%clk 1:03:54]} 19. Rc1 { [%clk
1:09:20]} 19... Nf7 {[%clk 1:03:55]} 20. Bb1 {[%clk 1:09:16]} 20... Ng5 { [%clk
0:58:49]} 21. Qd2 {[%clk 1:03:27]} 21... Nxf3+ {[%clk 0:51:42]} 22. Nxf3 {[%clk
1:03:44]} 22... Rf6 {[%clk 0:47:05]} 23. Ne5 {[%clk 1:01:37]} 23... Nb6 {[%clk
0:45:07]} 24. Bc2 {[%clk 0:57:59]} 24... Nc4 {[%clk 0:42:40]} 25. Nxc4 { [%clk
0:58:04]} 25... bxc4 {[%clk 0:42:44]} 26. Re2 {[%clk 0:56:28]} 26... Qh5 {[%clk
0:38:30]} 27. f3 {[%clk 0:46:19]} 27... Rg6 {[%clk 0:35:50]} 28. Kh1 { [%clk
0:45:21]} 28... Bg5 {[%clk 0:35:28]} 29. f4 {[%clk 0:41:53]} 29... Be7 { [%clk
0:33:27]} 30. Qe3 {[%clk 0:36:42]} 30... Rh6 {[%clk 0:28:12]} 31. Ba4 { [%clk
0:34:40]} 31... Rd8 {[%clk 0:26:10]} 32. Kg1 {[%clk 0:33:33]} 32... g5 { [%clk
0:18:12]} 33. Rd1 {[%clk 0:28:24]} 33... g4 {[%clk 0:16:38]} 34. d5 { [%clk
0:25:51]} 34... Rc8 {[%clk 0:07:22]} 35. Kf1 {[%clk 0:24:30]} 35... Bc5 { [%clk
0:06:59]} 36. Qg3 {[%clk 0:24:18]} 36... Bxd5 37. Bxd7 {[%clk 0:22:45]} 37...
Rc7 {[%clk 0:05:23]} 38. Be8 {[%clk 0:21:44]} 38... Qh4 {[%clk 0:03:24]} 39.
Qxh4 {[%clk 0:10:21]} 39... Rxh4 {[%clk 0:03:51]} 40. Re5 {[%clk 0:08:49]}
40... gxh3 {[%clk 0:01:17]} 41. g3 {[%clk 0:08:58]} 41... Rh6 {[%clk 0:01:21]}
42. Ba4 {[%clk 0:06:49]} 42... Rb7 {[%clk 0:01:08]} 43. Rdxd5 {[%clk 0:03:59]}
43... exd5 {[%clk 0:01:26]} 44. Rxd5 {[%clk 0:04:15]} 44... Rxb2 { [%clk
0:13:21]} 45. Rxf5 {[%clk 0:19:33]} 45... Bb6 {[%clk 0:13:08]} 46. Re5 { [%clk
0:19:22]} 46... Rxh2 {[%clk 0:13:08]} 47. Re8+ {[%clk 0:19:37]} 47... Kf7
{[%clk 0:13:07]} 48. Rb8 {[%clk 0:19:47]} 48... Re6 {[%clk 0:12:42]} 49. f5 {
[%clk 0:19:46]} 49... Rh1# 0-1